Mozartov týždeň 2000 - Salzburg

Podrobná bibliografia
Hlavný autor: Polák, Pavol (Autor)
Médium: Článok
Jazyk:slovenčina
Fyzický popis:Fotogr.
ISSN:1335-4140
Predmet:

MARC

LEADER 00000nab a2200000 a 4500
001 vtls000724311
003 SK-MaSNL
005 20260304121245.0
008 250429c2000 xo 0 slo
015 |a SNBRB2000/06-16593 
035 |a CLN000076475 
035 |a urn:nbn:sk:snk-ab235s 
035 |a (urnnbn)urn:nbn:sk:snk:ar-a01haw 
035 |a (uuid)e61cefcd-e677-46fe-bd29-eed2f41f2259 
040 |a SNKBUCL  |b slo  |c SNKBUCL  |e AACR2 
041 0 |a slo 
044 |a xo  |c SK 
080 |a 78.091.4:782/785  |2 1997 
100 1 |a Polák, Pavol  |4 aut  |9 384255 
245 1 0 |a Mozartov týždeň 2000 - Salzburg  |c Pavol Polák 
300 |b Fotogr. 
611 1 7 |a Mozartwoche  |d (2000 :  |c Salzburg, Rakúsko)  |2 snkbucl  |9 154395 
655 7 |a články z novín a časopisov  |2 snkbucl  |9 267496 
773 0 |t Hudobný život  |g Roč. 32, č. 4 (2000), s. 17-18  |x 1335-4140 
850 |a Slovenská národná knižnica 
852 |a Slovenská národná knižnica 
954 |a odborná, vedecká literatúra pôvodná (slovenská)  |2 lita 
958 |a article27 
958 |a OND 
958 |a AT 
958 |a EUIPO 
992 |a RBX 
999 |c 2884131  |d 2886061